01896pam a22003851i 4500001001900000003000600019005001700025006001900042007001500061008004100076015001900117020001800136035002500154035002100179035001800200037003100218040003900249042001100288050002700299100002600326245004800352264002800400300002500428520077500453650002401228650002501252650002101277650002901298650003701327650002301364650004001387655002401427655002401451776003501475991014681349707026UkOxU20251114161546.0m || d | cr |||||||||||210222s2021 enk o 000|f|eng d aGBC1701772bnb a9780356514758 a022615942-44oxf_inst a(UkOxU)022615942 a(Uk)020182295 a9780356514734bHachette UK aStDuBDSbengerdaepncStDuBDSdUk aukblsr aPR6114.O777 bN68 2021 aNorth, Claireeauthor10aNotes from the burning agec/ Claire North. 1aLondon :bOrbit,c2021. a437 pages ; c24 cm. aFrom one of the most imaginative writers of her generation comes an extraordinary vision of the future. Ven was once a holy man, a keeper of ancient archives. It was his duty to interpret archaic texts, sorting useful knowledge from the heretical ideas of the Burning Age – a time of excess and climate disaster. For in Ven’s world, such material must be closely guarded, so that the ills that led to that cataclysmic era can never be repeated. But when the revolutionary Brotherhood approaches Ven, pressuring him to translate stolen writings that threaten everything he once held dear, his life will be turned upside down. Torn between friendship and faith, Ven must decide how far he’s willing to go to save this new world, and how much he is willing to lose. 0aArchivistsvFiction 0aTranslatorsvFiction 0aPriestsvFiction 0aRevolutionariesvFiction 0aEnvironmental disastersvFiction 0aDystopiasvFiction 0aImaginary wars and battlesvFiction 0aApocalyptic fiction 0aThrillers (Fiction)08iPrint version :z9780356514758